00265nam a2200109Ia 4500008004100000041000800041082001500049100001100064245002800075260003300103300001900136241028s9999 xx 000 0 und d aeng a650.14 REI aReiman aSoft Skills For Dummies bWiley IndiaaNew Delhic2023 a188;. P. 23 cm